Screening of Various Environmental Fungal Isolates for Mycoviral Infection / (Record no. 534114)
[ view plain ]
| 000 -LEADER | |
|---|---|
| fixed length control field | 00503nam a22001577a 4500 |
| 020 ## - INTERNATIONAL STANDARD BOOK NUMBER | |
| Qualifying information | Hard Cover. |
| 082 ## - DEWEY DECIMAL CLASSIFICATION NUMBER | |
| Classification number | 660.01 |
| 100 ## - MAIN ENTRY--PERSONAL NAME | |
| Personal name | Mushtaq, Attoba |
| 245 ## - TITLE STATEMENT | |
| Title | Screening of Various Environmental Fungal Isolates for Mycoviral Infection / |
| Statement of responsibility, etc. | Attoba Mushtaq. |
| 260 ## - PUBLICATION, DISTRIBUTION, ETC. | |
| Place of publication, distribution, etc. | Islamabad : |
| Name of publisher, distributor, etc. | ASAB - NUST, |
| Date of publication, distribution, etc. | 2014. |
| 300 ## - PHYSICAL DESCRIPTION | |
| Dimensions | 30cm. |
| 942 ## - ADDED ENTRY ELEMENTS (KOHA) | |
| Source of classification or shelving scheme | |
| Koha item type | Thesis |
| 650 ## - SUBJECT ADDED ENTRY--TOPICAL TERM | |
| Topical term or geographic name entry element | Biotechnology MS-Thesis. |
| 700 ## - ADDED ENTRY--PERSONAL NAME | |
| Personal name | Dr. Muhammd Faraz Bhatti. |
| 650 ## - SUBJECT ADDED ENTRY--TOPICAL TERM | |
| -- | 28255 |
| 700 ## - ADDED ENTRY--PERSONAL NAME | |
| -- | 28256 |
| Withdrawn status | Lost status | Source of classification or shelving scheme | Damaged status | Not for loan | Permanent Location | Current Location | Shelving location | Date acquired | Total Checkouts | Full call number | Barcode | Date last seen | Price effective from | Koha item type |
|---|---|---|---|---|---|---|---|---|---|---|---|---|---|---|
| Central Library (CL) | Central Library (CL) | Thesis | 02/03/2020 | 660.01 | CL-T-4884 | 02/03/2020 | 02/03/2020 | Thesis | ||||||
| Central Library (CL) | Central Library (CL) | 02/04/2020 | 660.01 | CL-T-4926 | 02/04/2020 | 02/04/2020 | Thesis |
